| 000 | 00389nam a2200145 4500 | ||
|---|---|---|---|
| 001 | 121871 | ||
| 003 | ES-MaACL | ||
| 007 | t| | ||
| 008 | 070214s1916 xxk r ||||1| eng d | ||
| 100 | 1 |
_aPlunkett, Joseph Mary. _992676 |
|
| 245 | 1 | 4 | _aThe poems of Joseph Mary Plunkett. |
| 260 |
_aLondon : _bT. Fisher Unwin, _c1916. |
||
| 300 |
_aXVI, 95 p. ; _c18 x 13 cm. |
||
| 852 |
_aES-MaACL _jC-948 |
||
| 999 |
_c121871 _d121871 |
||